| 000 | 00487nam a2200181 a 4500 | ||
|---|---|---|---|
| 001 | 4103 | ||
| 003 | CO-ViMGA | ||
| 008 | 141112s2004 ck r 000 u spa d | ||
| 040 |
_aCO-ViMGA _bspa _cCO-ViMGA |
||
| 082 | _a152.44 F765a | ||
| 100 | 1 |
_aFrom, Erich _95095 |
|
| 245 | 1 | 0 |
_aEl arte de amar : _buna investigación sobre la naturaleza del amor |
| 260 |
_aBarcelona : _bPaidós, _c1997 |
||
| 300 | _a128 p | ||
| 490 | _aPaidós estudio, 7 | ||
| 650 | 1 | 4 |
_aAMOR _95096 |
| 942 |
_2ddc _cBK |
||
| 999 |
_c10613 _d10613 |
||